000 00495nam a2200181Ia 4500
003 GCL
008 140319s9999 xx 000 0 ara d
040 _aGCL /
_cGCL
082 0 4 _a818.07
_bج ح
100 1 _aجورج جرداق
245 1 0 _aحديث الغوانى /
_cجورج جرداق
260 _a[S.N] :
_bجروس برس ،
_c1989
490 _a
650 0 4 _aالادب العربى
650 0 4 _aالعصر الحديث
650 0 4 _aالنثر العربى
942 _2ddc
_cBK
999 _c53341
_d53341